• 首页
  • 本馆介绍
  • 公告通知
  • 最新文献
  • 馆藏检索
  • 电子资源
  • 读者导购
  • 参考咨询
  • 我的图书馆
  • 登录
  • 详细信息显示
  • 放入我的书架
  • 预约/预借图书
  • 作者相关作品
  • 分类相关作品
  • 丛书相关作品
  • 出版社相关作品

书目信息

  • 表格格式
  • 工作单格式
  • 卡片格式
题名:
读书管见
    
 
作者: (元)王充耘 撰
分册:  
出版信息: 北京   中国书店  2018.5
页数: 258页
开本: 27cm
丛书名:
单 册:
中图分类: K221.04
科图分类:
主题词: 中国历史--商周时代 , 《尚书》--研究
电子资源:
ISBN: 978-7-5149-2025-3
000 00883nam0 2200241 45
001 012001003344
005 20140926114739.0
010    @a978-7-5149-2025-3@dCNY58.00
100    @a20180429d2018 em y0chiy0110 ea
101 0  @achi
102    @aCN@b110000
105    @ay z 000yy
106    @ar
200 1  @a读书管见@9du shu guan jian@f(元)王充耘撰
210    @a北京@c中国书店@d2018.5
215    @a258页@d27cm
330    @a《读书管见》,元王充耘撰。黄虞稷《千顷堂书目》称充耘字与耕,而原《序》及梅鹗《跋》并称“耕野”,疑虞稷误也。吉水人。元统甲戌进士,授承务郎,同知永新州事。后弃官养母,著书授徒,因成是编。王充耘形成了自己独特而又具有时代特色的《尚书》学思想。
606 0  @a中国历史@x商周时代
606 0  @a《尚书》@x研究
690    @aK221.04@v5
701  0 @a(元)王充耘@9( yuan ) wang chong yun@4撰
801  0 @aCN@b上海新华@c20180901
905    @b1154288-92@dK221.04@e39@f5
    
    读书管见/(元)王充耘撰.-北京:中国书店,2018.5
    258页;27cm
    
    
    ISBN 978-7-5149-2025-3:CNY58.00
    《读书管见》,元王充耘撰。黄虞稷《千顷堂书目》称充耘字与耕,而原《序》及梅鹗《跋》并称“耕野”,疑虞稷误也。吉水人。元统甲戌进士,授承务郎,同知永新州事。后弃官养母,著书授徒,因成是编。王充耘形成了自己独特而又具有时代特色的《尚书》学思想。
●
相关链接 在E读中查询图书 在五车中查询图书 在当当中查询图书 在豆瓣中查询图书


正题名:读书管见     索取号:K221.04/39         预约/预借

序号 登录号 条形码 馆藏地/架位号 状态 备注
1 1154288   211542883   第二样本阅览室/ [索取号:K221.04/39] 在馆    
2 1154289   211542892   密集书库-史法系/ [索取号:K221.04/39] 在馆    
3 1154290   211542909   第二借阅区/ [索取号:K221.04/39] 在馆    
4 1154291   211542918   第二借阅区/ [索取号:K221.04/39] 在馆    
5 1154292   211542927   第二借阅区/ [索取号:K221.04/39] 在馆    
唐山师范学院图书馆 欢迎您!
大连网信软件有限公司© 版权所有